000 00431nam a2200133Ia 4500
008 231129s2008||||xx |||||||||||||| ||spa||
020 _a978-958-20-0949-6
082 _a371.104 M386r
100 _aMartí­nez Pineda. Marí­a Cristina
245 0 _aRedes Pedagógicas: La Constitución del maestro como sujeto Polí­tico
260 _c2008
264 _aBogotá : Magisterio
942 _2ddc
_cBKS
999 _c23813
_d23813